00926nam a22002777 45000010006000000050017000060080041000230200018000640200015000820400035000970820018001321000048001502450109001982500022003072640042003293000050003713360029004213370033004503380028004836500029005116530015005406530019005557000050005749420007006249990017006315803320250815215810.0241128r |||a|||gr|||| 00| 0 spa d a9789589814413 a9589814413 aCO-BoRNBPbspaerdacCO-BoRNBP04a630bR62c2231 aRodríguez García, Robertoeautor96227113aLa cosmopolitana: bcentro de vidacRoberto Rodríguez García ; fotografías Constantino Castiblanco aPrimera edición 1aBogotá, ColombiabKimpres SASc2015 a223 páginasbfotografías a color c29 cm. atextobtxt2rdacontenido asin mediaciónbn2rdamedio avolumenbnc2rdasoporte17aAgricultura2LEMB962406 aBiología aAgroecología1 aCastiblanco, Constantinoefotógrafo 962272 cBK c58033d58033